[Event "32nd ECC Open 2016"]
[Site "Novi Sad SRB"]
[Date "2016.11.12"]
[Round "7.11"]
[Board "3"]
[White "Holm, Kristian Stuvik"]
[Black "Czebe, Attila"]
[Result "0-1"]
[WhiteTitle "IM"]
[BlackTitle "GM"]
[WhiteElo "2420"]
[BlackElo "2482"]
[WhiteTeam "Vaalerenga Chess Club"]
[BlackTeam "SK Dunajska Streda"]
[WhiteFideId "1508083"]
[BlackFideId "705268"]
[EventDate "2016.11.06"]

1. d4 e6 2. c4 Bb4+ 3. Bd2 Bxd2+ 4. Qxd2 d6 5. Nc3 Nf6 6. e4 e5 7. Nf3 Nc6 8.
dxe5 dxe5 9. Qxd8+ Kxd8 10. O-O-O+ Bd7 11. c5 Kc8 12. h3 Be6 13. Bb5 Nd7 14.
Bxc6 bxc6 15. b3 f6 16. Na4 Kd8 17. Rhe1 Ke7 18. Rd3 Rab8 19. Rc3 g5 20. h4 h6
21. Rh1 Rhg8 22. hxg5 hxg5 23. Kd2 Rb4 24. Ke3 f5 25. exf5 Bxf5 26. Nd2 Nf6 27.
Rc4 Rbb8 28. Nc3 Rbd8 29. Nf3 Ke6 30. Rh6 Kf7 31. Rh1 Ke6 32. Rh6 g4 33. Ne1 Kf7
34. Ra4 Kg7 35. Rh4 Rd7 36. Rxa7 Rgd8 37. Ke2 Rd2+ 38. Kf1 R8d7 39. Ra6 R2d3 40.
Ne2 Rd1 41. Rxc6 Nd5 42. Ng3 Bd3+ 43. Kg1 Rxe1+ 44. Kh2 Nf6 45. a4 Be4 46. Re6
Bd5 47. Ra6 Bxb3 48. Nf5+ Kg6 49. Ne3 Kg5 50. Rh8 Ne4 51. Rhh6 Nxf2 52. Rhg6+
Kf4 0-1

[Event "32nd ECC Open 2016"]
[Site "Novi Sad SRB"]
[Date "2016.11.12"]
[Round "7.11"]
[Board "4"]
[White "Bagi, Mate"]
[Black "Christiansen, Johan-Sebastian"]
[Result "1/2-1/2"]
[WhiteTitle "IM"]
[BlackTitle "IM"]
[WhiteElo "2449"]
[BlackElo "2425"]
[WhiteTeam "SK Dunajska Streda"]
[BlackTeam "Vaalerenga Chess Club"]
[WhiteFideId "742570"]
[BlackFideId "1512668"]
[EventDate "2016.11.06"]

1. e4 e6 2. d4 d5 3. Nc3 Nf6 4. e5 Nfd7 5. f4 c5 6. Nf3 Nc6 7. Be3 Be7 8. Qd2
O-O 9. dxc5 Nxc5 10. O-O-O a6 11. Qf2 b6 12. Qg3 Ra7 13. Nd4 Qc7 14. Kb1 Rd8 15.
Nxc6 Qxc6 16. Bd4 Rc7 17. Bd3 Bb7 18. Qe3 Rdc8 19. g4 Nxd3 20. cxd3 b5 21. Rc1
Qd7 22. Ne2 b4 23. Rxc7 Rxc7 24. Rc1 Rxc1+ 25. Nxc1 Qb5 26. Qf2 a5 27. b3 Bc6
28. g5 Qa6 29. h4 Bb5 30. Qe3 Qc8 31. Qf2 Qa6 32. Qd2 Kf8 33. Kc2 Ke8 34. Kd1
Kd7 35. Qc2 h6 36. Kd2 hxg5 37. hxg5 a4 38. Bc5 Qc6 39. Bxe7 Qxc2+ 40. Kxc2 Kxe7
41. Ne2 axb3+ 42. axb3 f6 43. gxf6+ gxf6 44. Nd4 Be8 45. Kd2 fxe5 46. fxe5 Kd7
47. Nc2 Kc6 48. d4 Kb5 49. Ne1 Bg6 50. Nd3 Bh5 51. Nc5 Bg4 52. Ke3 Bd1 53. Kd2
Bg4 54. Nd7 Kc6 55. Nf6 Bf5 56. Nh5 Bg4 57. Nf6 Bf5 58. Nh5 Bg4 59. Ng3 Kb5 60.
Nf1 Bh5 61. Ne3 Bg6 62. Ke1 Bb1 63. Kd1 Bg6 64. Kd2 Be4 65. Ng4 Bg6 66. Nf2 Bf5
67. Nd3 Bg4 68. Nc5 Bf5 69. Nb7 Bg6 70. Kc1 Kb6 71. Nc5 Bf5 72. Kd1 Kc6 73. Ke2
Kb5 74. Kd2 Bg4 75. Ke3 Bd1 76. Kd3 Bg4 77. Ke3 Bd1 78. Kd2 Bg4 79. Kd3 Bf5+ 80.
Kd2 Bg4 81. Kc1 Bf5 82. Kd1 Bh3 83. Kd2 1/2-1/2

[Event "32nd ECC Open 2016"]
[Site "Novi Sad SRB"]
[Date "2016.11.12"]
[Round "7.11"]
[Board "5"]
[White "Sagafos, Magne"]
[Black "Varga, Zoltan"]
[Result "0-1"]
[WhiteTitle "IM"]
[BlackTitle "GM"]
[WhiteElo "2397"]
[BlackElo "2418"]
[WhiteTeam "Vaalerenga Chess Club"]
[BlackTeam "SK Dunajska Streda"]
[WhiteFideId "1502506"]
[BlackFideId "700509"]
[EventDate "2016.11.06"]

1. e4 Nf6 2. e5 Nd5 3. c4 Nb6 4. d4 d6 5. exd6 cxd6 6. Nc3 g6 7. Be3 Bg7 8. Rc1
O-O 9. b3 Bf5 10. Nf3 d5 11. c5 Nc8 12. Be2 Nc6 13. O-O Bg4 14. b4 Bxf3 15. Bxf3
e6 16. Ne2 N8e7 17. b5 Na5 18. Bf4 a6 19. Qd3 axb5 20. Qxb5 Nec6 21. Rfd1 Ra7
22. Be3 Qa8 23. Nc3 Nc4 24. a4 Rb8 25. Be2 b6 26. Bf4 Nxd4 27. Rxd4 Bxd4 28.
Bxb8 Qxb8 29. Bxc4 dxc4 30. Ne4 Qf4 31. Re1 bxc5 32. Qxc4 Bxf2+ 0-1

[Event "32nd ECC Open 2016"]
[Site "Novi Sad SRB"]
[Date "2016.11.12"]
[Round "7.11"]
[Board "6"]
[White "Meszaros, Michal"]
[Black "Svendsen, Bertil"]
[Result "1/2-1/2"]
[WhiteTitle "IM"]
[WhiteElo "2391"]
[BlackElo "2229"]
[WhiteTeam "SK Dunajska Streda"]
[BlackTeam "Vaalerenga Chess Club"]
[WhiteFideId "14905329"]
[BlackFideId "1502808"]
[EventDate "2016.11.06"]

1. e4 c5 2. Nf3 d6 3. d4 cxd4 4. Nxd4 Nf6 5. Nc3 g6 6. Bc4 Bg7 7. O-O O-O 8. Re1
Nc6 9. Bb3 Bd7 10. Bg5 Nxd4 11. Qxd4 Bc6 12. Qd3 Nd7 13. Qh3 Nc5 14. Qh4 Re8 15.
Rad1 Nxb3 16. axb3 f6 17. Bh6 Bxh6 18. Qxh6 Rf8 19. Re3 Rf7 20. Ne2 Qf8 21. Qh4
Bd7 22. f4 Rc8 23. c4 Rc5 24. Nc3 Kh8 25. Qf2 a6 26. Rd5 Qc8 27. Red3 Rc6 28. h3
Be6 29. R5d4 b5 30. cxb5 axb5 31. Rb4 Rf8 32. Qa7 Ra6 33. Qe3 Bd7 34. Nd5 Qd8
35. Rc3 Bc6 36. Rd4 e5 37. Rd1 Bxd5 38. Rxd5 Qb6 39. Qxb6 Rxb6 40. Rcd3 Re8 41.
fxe5 Rxe5 42. Rxd6 Rxd6 43. Rxd6 Rxe4 44. Rxf6 Re3 45. Rf3 Re2 46. Rf8+ Kg7 47.
Rb8 Re5 48. Rb7+ Kf6 49. Rxh7 Re3 50. Rd7 Rxb3 51. Rd2 Ke5 52. Kf2 b4 53. Ke2
Rg3 54. Kf2 Rb3 55. Ke2 Rg3 56. Kf2 Rb3 1/2-1/2

[Event "32nd ECC Open 2016"]
[Site "Novi Sad SRB"]
[Date "2016.11.12"]
[Round "7.12"]
[Board "1"]
[White "Arnaudov, G. Petar"]
[Black "Kharchenko, Boris"]
[Result "0-1"]
[WhiteTitle "GM"]
[BlackTitle "GM"]
[WhiteElo "2471"]
[BlackElo "2450"]
[WhiteTeam "Gambit ASSECO SEE"]
[BlackTeam "LugPokerChess"]
[WhiteFideId "2907127"]
[BlackFideId "14113210"]
[EventDate "2016.11.06"]

1. d4 d5 2. c4 c6 3. Nf3 Nf6 4. Nc3 dxc4 5. a4 Bf5 6. Ne5 Na6 7. f3 Nd7 8. Nxd7
Bxd7 9. e4 e5 10. Bxc4 exd4 11. Qxd4 Nb4 12. Ke2 Nc2 13. Qe5+ Qe7 14. Qxe7+ Bxe7
15. Rb1 Bc5 16. Rd1 f6 17. Na2 a5 18. Bd2 Ke7 19. Rbc1 Nd4+ 20. Kf1 Rhd8 21. Rc3
Be8 22. Rd3 Ne6 23. Nc1 Bf7 24. Rxd8 Rxd8 25. Nd3 Nf4 26. Nxc5 Bxc4+ 27. Ke1
Nxg2+ 28. Kf2 b6 29. b3 Bf7 30. Nb7 Rd7 31. Kxg2 Bxb3 32. Rb1 Rxd2+ 33. Kg3 Rd3
34. Kf2 c5 35. Ke2 c4 0-1

[Event "32nd ECC Open 2016"]
[Site "Novi Sad SRB"]
[Date "2016.11.12"]
[Round "7.12"]
[Board "2"]
[White "Shagbazyan, Taron"]
[Black "Percivaldi, Martin"]
[Result "1-0"]
[WhiteTitle "FM"]
[BlackTitle "FM"]
[WhiteElo "2423"]
[BlackElo "2373"]
[WhiteTeam "LugPokerChess"]
[BlackTeam "Gambit ASSECO SEE"]
[WhiteFideId "14122073"]
[BlackFideId "1508148"]
[EventDate "2016.11.06"]

1. d4 Nf6 2. c4 e6 3. Nc3 Bb4 4. e3 O-O 5. Bd3 d5 6. Nf3 c5 7. cxd5 exd5 8. a3
Bxc3+ 9. bxc3 c4 10. Bc2 Bg4 11. O-O Nc6 12. Qe1 Bh5 13. Nh4 Ne4 14. f3 Nd6 15.
g4 Bg6 16. Nxg6 hxg6 17. e4 Ne7 18. e5 Ne8 19. h4 f5 20. h5 gxh5 21. Bg5 Qd7 22.
Qh4 Rf7 23. e6 Qxe6 24. Rae1 Ng6 25. Rxe6 Nxh4 26. Bxh4 Nc7 27. Bxf5 1-0

[Event "32nd ECC Open 2016"]
[Site "Novi Sad SRB"]
[Date "2016.11.12"]
[Round "7.12"]
[Board "3"]
[White "Stojcevski, Zoran"]
[Black "Kostromin, Mikhail"]
[Result "1-0"]
[WhiteTitle "FM"]
[BlackTitle "IM"]
[WhiteElo "2316"]
[BlackElo "2306"]
[WhiteTeam "Gambit ASSECO SEE"]
[BlackTeam "LugPokerChess"]
[WhiteFideId "15000192"]
[BlackFideId "2807807"]
[EventDate "2016.11.06"]

1. e4 c5 2. Nf3 d6 3. d4 cxd4 4. Nxd4 Nf6 5. Nc3 a6 6. Be3 e5 7. Nf3 Qc7 8. a4
Be7 9. Be2 O-O 10. a5 Nbd7 11. O-O b5 12. axb6 Nxb6 13. Nd5 Nfxd5 14. exd5 Bf5
15. b3 Bxc2 16. Qd2 Be4 17. Qb4 Bxf3 18. Bxf3 Rfb8 19. Rfc1 Qd8 20. Qd2 Nd7 21.
b4 f5 22. g3 e4 23. Be2 Ne5 24. Kg2 Qe8 25. h3 Nf3 26. Bxf3 exf3+ 27. Kh2 Bf6
28. Bd4 Qf7 29. Bxf6 Qxf6 30. Ra3 Rb5 31. Rc7 Rab8 32. Rxa6 R5b7 33. Rxb7 Rxb7
34. Ra8+ Kf7 35. Qe3 Qe5 36. Qxf3 Kg6 37. Ra6 Rb5 38. Qf4 Qxf4 39. gxf4 Rxd5 40.
Ra2 Rb5 41. Rb2 Kf6 42. Kg3 d5 43. Kf3 d4 44. Ke2 Ke6 45. Kd3 Kd5 46. h4 Rb7 47.
b5 Kc5 48. b6 Rxb6 49. Rxb6 Kxb6 50. Kxd4 Kc6 51. Ke5 Kd7 52. Kxf5 Ke7 53. Kg5
Kf7 54. f5 h6+ 55. Kf4 Kf6 56. h5 Kf7 57. Ke5 Ke7 58. f6+ gxf6+ 59. Kf5 Kf7 60.
f3 Kg7 61. Ke6 f5 62. Kxf5 Kf7 63. f4 Kg7 64. Ke6 1-0

[Event "32nd ECC Open 2016"]
[Site "Novi Sad SRB"]
[Date "2016.11.12"]
[Round "7.12"]
[Board "4"]
[White "Palkovich, Denis"]
[Black "Nikolovski, Nikola"]
[Result "1-0"]
[WhiteTitle "FM"]
[BlackTitle "FM"]
[WhiteElo "2118"]
[BlackElo "2274"]
[WhiteTeam "LugPokerChess"]
[BlackTeam "Gambit ASSECO SEE"]
[WhiteFideId "14113260"]
[BlackFideId "15002314"]
[EventDate "2016.11.06"]

1. d4 Nf6 2. Bf4 c5 3. e3 g6 4. Nf3 Bg7 5. c3 b6 6. a4 O-O 7. Nbd2 d6 8. h3 a6
9. Be2 Bb7 10. O-O Nbd7 11. Bh2 Qc7 12. Qb3 Bd5 13. Qa3 e5 14. dxe5 Nxe5 15.
Nxe5 dxe5 16. c4 Bb7 17. Bf3 Rfd8 18. Rfd1 Ne8 19. Bxb7 Qxb7 20. e4 Rd4 21. Nf3
Rxe4 22. Qd3 Bf6 23. b3 Bg7 24. Qc2 f5 25. Rd5 Nc7 26. Rd7 Qc6 27. Rad1 Rd4 28.
Rxg7+ Kxg7 29. Bxe5+ Kg8 30. Nxd4 cxd4 31. Rxd4 Re8 32. Bxc7 Re1+ 33. Kh2 Qxc7+
34. f4 Qc5 35. Qd2 Re7 36. b4 Qc6 37. Rd8+ Kg7 38. Qd4+ Kh6 39. Rd6 Qc7 40. Qf6
Rf7 41. Qd4 Re7 42. c5 bxc5 43. bxc5 Re4 44. Qf6 Rxa4 45. c6 Rxf4 46. Qe5 Kg5
47. Rxg6+ 1-0

[Event "32nd ECC Open 2016"]
[Site "Novi Sad SRB"]
[Date "2016.11.12"]
[Round "7.12"]
[Board "5"]
[White "Mitkov, Marjan"]
[Black "Maratkanov, Evgeny"]
[Result "1-0"]
[WhiteTitle "IM"]
[WhiteElo "2320"]
[BlackElo "2141"]
[WhiteTeam "Gambit ASSECO SEE"]
[BlackTeam "LugPokerChess"]
[WhiteFideId "15000354"]
[BlackFideId "14106205"]
[EventDate "2016.11.06"]

1. d4 d5 2. c4 c6 3. Nf3 Nf6 4. Nc3 dxc4 5. a4 Bf5 6. e3 e6 7. Bxc4 Bb4 8. O-O
O-O 9. Qe2 c5 10. Na2 Nc6 11. Nxb4 cxb4 12. Rd1 Rc8 13. Bd2 a5 14. Rac1 Qe7 15.
Be1 Rfd8 16. Nd2 Bg6 17. Nb3 Be4 18. f3 Bd5 19. e4 Bxc4 20. Rxc4 Nd7 21. Rdc1
Nb6 22. R4c2 Ra8 23. Qb5 Nc8 24. Bf2 Nd6 25. Qh5 Qe8 26. Bg3 f5 27. Qh4 fxe4 28.
fxe4 Qg6 29. Re2 Ne8 30. Bf2 Nf6 31. h3 Qh5 32. Qxh5 Nxh5 33. Rc5 Nf6 34. Rb5
Rd7 35. Re1 Re7 36. d5 exd5 37. exd5 Rxe1+ 38. Bxe1 Ne5 39. Nxa5 Nd3 40. Bh4
Nxb2 41. Bxf6 gxf6 42. Nxb7 Nxa4 43. d6 Nc3 44. Rxb4 Ra1+ 45. Kh2 Rd1 46. Rc4
Nb5 47. Rc6 Rd5 48. Rc7 Rd4 49. Rd7 Na7 50. Kg3 Nc6 51. Rc7 Ne5 52. Kf2 h6 53.
Ke3 Rd1 54. Ke4 Rd2 55. g4 h5 56. gxh5 Nf7 57. d7 Rd1 58. h6 Re1+ 59. Kf4 1-0

[Event "32nd ECC Open 2016"]
[Site "Novi Sad SRB"]
[Date "2016.11.12"]
[Round "7.12"]
[Board "6"]
[White "Shvyriaev, Artem"]
[Black "Andonovski, Ljubisa"]
[Result "1/2-1/2"]
[BlackTitle "FM"]
[WhiteElo "2116"]
[BlackElo "2298"]
[WhiteTeam "LugPokerChess"]
[BlackTeam "Gambit ASSECO SEE"]
[WhiteFideId "14118181"]
[BlackFideId "15000427"]
[EventDate "2016.11.06"]

1. e4 c5 2. Nc3 Nc6 3. g3 g6 4. Bg2 Bg7 5. d3 d6 6. Be3 Rb8 7. Qd2 b5 8. f4 b4
9. Nd1 e5 10. Nf3 Nge7 11. fxe5 Nxe5 12. Nxe5 Bxe5 13. O-O O-O 14. Bh6 Bg7 15.
Bxg7 Kxg7 16. Ne3 Be6 17. Rf4 d5 18. exd5 Nxd5 19. Nxd5 Bxd5 20. Bxd5 Qxd5 21.
Qf2 Rbe8 22. Rf1 h5 23. Rc4 Re5 24. Qf6+ Kg8 25. Qf3 Rfe8 26. Qxd5 Rxd5 27. Kg2
Kg7 28. Rf2 f5 29. d4 Re4 30. Rxc5 Rxc5 31. dxc5 Rc4 32. h4 Rxc5 33. Rd2 a5 34.
Kf3 Kh6 35. Kf4 Rc4+ 36. Ke5 Re4+ 37. Kf6 Rc4 38. Ke5 Re4+ 39. Kf6 Rc4 40. Ke5
Rc8 41. Kf6 Rc6+ 42. Ke5 Rc4 43. Kf6 Rc7 44. Ke5 Kg7 45. Kf4 Rc4+ 46. Kf3 Kf7
47. b3 Rc3+ 48. Kf4 Ke6 49. Re2+ Kd6 50. Rd2+ Ke6 51. Re2+ Kd6 52. Rd2+ 1/2-1/2

[Event "32nd ECC Open 2016"]
[Site "Novi Sad SRB"]
[Date "2016.11.12"]
[Round "7.13"]
[Board "1"]
[White "Sethuraman, S.P."]
[Black "Antic, Dejan"]
[Result "1/2-1/2"]
[WhiteTitle "GM"]
[BlackTitle "GM"]
[WhiteElo "2649"]
[BlackElo "2455"]
[WhiteTeam "Itaka"]
[BlackTeam "Crvena Zvezda"]
[WhiteFideId "5021596"]
[BlackFideId "901008"]
[EventDate "2016.11.06"]

1. e4 e6 2. d4 d5 3. Nc3 Bb4 4. e5 c5 5. a3 Bxc3+ 6. bxc3 Qa5 7. Bd2 Qa4 8. Qg4
Kf8 9. Qd1 b6 10. dxc5 bxc5 11. Nf3 Ne7 12. Bd3 Ba6 13. O-O Nd7 14. Rb1 h6 15.
Be3 Nc6 16. Bxa6 Qxa6 17. Qd3 Qxd3 18. cxd3 Ke7 19. Rb7 Kd8 20. Rfb1 Rc8 21. a4
Rc7 22. R7b2 Ke7 23. Rb5 Rb8 24. d4 cxd4 25. Nxd4 Rxb5 26. axb5 Nxd4 27. Bxd4
Rb7 28. f4 a6 29. b6 Nb8 30. Ra1 Kd7 31. Kf2 Kc6 32. g4 Kb5 33. Rb1+ Kc4 34. Ke2
Nc6 35. Be3 a5 36. Kd2 a4 37. Ra1 Kb3 38. Rb1+ Kc4 39. Ra1 Kb5 40. Rb1+ Kc4 41.
Ra1 Kb5 42. c4+ dxc4 43. Rb1+ Ka6 44. Kc3 Ne7 45. Kxc4 Nd5 46. Kc5 Nxe3 47. Rb4
Ka5 48. Rb5+ Ka6 49. Rb4 Ka5 50. Rb5+ 1/2-1/2

[Event "32nd ECC Open 2016"]
[Site "Novi Sad SRB"]
[Date "2016.11.12"]
[Round "7.13"]
[Board "2"]
[White "Abramovic, Bosko"]
[Black "Indjic, Aleksandar"]
[Result "1-0"]
[WhiteTitle "GM"]
[BlackTitle "GM"]
[WhiteElo "2420"]
[BlackElo "2573"]
[WhiteTeam "Crvena Zvezda"]
[BlackTeam "Itaka"]
[WhiteFideId "900206"]
[BlackFideId "911925"]
[EventDate "2016.11.06"]

1. d4 Nf6 2. Nf3 e6 3. Bf4 b6 4. h3 Bb7 5. e3 d6 6. Be2 h6 7. c4 g5 8. Bg3 Ne4
9. Bh2 Nd7 10. Nbd2 Ndf6 11. Bd3 c5 12. Nxe4 Nxe4 13. d5 exd5 14. cxd5 f5 15.
Bxe4 fxe4 16. Qa4+ Kf7 17. Qxe4 Qf6 18. O-O-O Re8 19. Qc2 Bg7 20. Rhe1 Re4 21.
Re2 Ba6 22. Qxe4 Bxe2 23. Rd2 Bf1 24. Qg4 Re8 25. e4 c4 26. Nd4 Bd3 27. Ne6 Qg6
28. f3 Rxe6 29. Qxe6+ Qxe6 30. dxe6+ Kxe6 31. b3 b5 32. Rxd3 cxd3 33. Kd2 d5 34.
Kxd3 dxe4+ 35. Kxe4 a6 36. g4 Bf6 37. f4 gxf4 38. Bxf4 Bg7 39. h4 Bf8 40. h5 Bg7
41. g5 hxg5 42. Bxg5 1-0

[Event "32nd ECC Open 2016"]
[Site "Novi Sad SRB"]
[Date "2016.11.12"]
[Round "7.13"]
[Board "3"]
[White "Vuckovic, Bojan"]
[Black "Djuric, Stefan"]
[Result "1/2-1/2"]
[WhiteTitle "GM"]
[BlackTitle "GM"]
[WhiteElo "2584"]
[BlackElo "2418"]
[WhiteTeam "Itaka"]
[BlackTeam "Crvena Zvezda"]
[WhiteFideId "922277"]
[BlackFideId "900133"]
[EventDate "2016.11.06"]

1. e4 e5 2. Nf3 Nc6 3. Bb5 a6 4. Ba4 Nf6 5. O-O Be7 6. Re1 b5 7. Bb3 d6 8. c3
O-O 9. h3 h6 10. d4 Re8 11. Nbd2 Bf8 12. Nf1 Bd7 13. Ng3 Na5 14. Bc2 c5 15. b3
Nc6 16. d5 Ne7 17. Be3 Ng6 18. Qd2 Qc8 19. a4 Qb7 20. b4 cxb4 21. cxb4 bxa4 22.
Bxa4 Reb8 23. Reb1 Bb5 24. Nh2 h5 25. Bc2 Rc8 26. Rb2 Rc4 27. h4 Rac8 28. Bg5
Nh7 29. Nxh5 Qc7 30. Raa2 Rd4 31. Qe1 Nxg5 32. hxg5 Qd8 33. Nf3 Rdc4 34. Qd2 Be7
35. Rb1 Nh4 36. Nxh4 Bxg5 37. Qd1 Bxh4 38. Bd3 Rc3 39. Bxb5 axb5 40. Qg4 g6 41.
Kh2 Bg5 42. Ng3 Bf4 43. Ra7 Kg7 44. Rba1 Qh8+ 45. Qh3 Qxh3+ 46. Kxh3 Bxg3 47.
fxg3 Rh8+ 48. Kg4 Re3 49. Rd7 Rxe4+ 50. Kf3 Rxb4 51. Raa7 Rb3+ 52. Kg4 Rf8 53.
Rxd6 Rb4+ 54. Kg5 Kg8 55. Rf6 Rd4 56. d6 b4 57. Rb7 e4 58. Kh6 e3 59. Rxg6+ 1/2-1/2

[Event "32nd ECC Open 2016"]
[Site "Novi Sad SRB"]
[Date "2016.11.12"]
[Round "7.13"]
[Board "4"]
[White "Govedarica, Radovan"]
[Black "Szuhanek, Ranko"]
[Result "1-0"]
[WhiteTitle "IM"]
[BlackTitle "IM"]
[WhiteElo "2374"]
[BlackElo "2496"]
[WhiteTeam "Crvena Zvezda"]
[BlackTeam "Itaka"]
[WhiteFideId "900630"]
[BlackFideId "1202600"]
[EventDate "2016.11.06"]

1. e4 c5 2. Nf3 d6 3. d4 cxd4 4. Nxd4 Nf6 5. Nc3 a6 6. g3 e5 7. Nb3 Be7 8. Bg2
Be6 9. O-O b5 10. Bg5 Nbd7 11. a4 Bc4 12. Bxf6 Nxf6 13. Re1 b4 14. Na2 Qb6 15.
Nd2 Be6 16. b3 O-O 17. Nf1 Rfc8 18. Ne3 Ra7 19. Nc1 a5 20. Nd3 Qd4 21. Qf3 Qc3
22. Rab1 d5 23. Nxd5 Bxd5 24. exd5 e4 25. Qe3 exd3 26. Qxa7 Bc5 27. Qa6 Bxf2+
28. Kxf2 Ng4+ 29. Kf1 Qxc2 30. Rb2 Nxh2+ 31. Kg1 d2 32. Kxh2 dxe1=Q 33. Rxc2 1-0

[Event "32nd ECC Open 2016"]
[Site "Novi Sad SRB"]
[Date "2016.11.12"]
[Round "7.13"]
[Board "5"]
[White "Sarenac, Ivan"]
[Black "Velickovic, Sasa"]
[Result "1-0"]
[WhiteTitle "IM"]
[BlackTitle "IM"]
[WhiteElo "2414"]
[BlackElo "2312"]
[WhiteTeam "Itaka"]
[BlackTeam "Crvena Zvezda"]
[WhiteFideId "938165"]
[BlackFideId "900869"]
[EventDate "2016.11.06"]

1. e4 c5 2. Nf3 e6 3. d4 cxd4 4. Nxd4 a6 5. Bd3 Qc7 6. O-O d6 7. f4 Nf6 8. Kh1
Be7 9. c4 Nc6 10. Be3 O-O 11. Nc3 Nd7 12. Rc1 Qd8 13. Bb1 Rb8 14. Qf3 Re8 15.
Rfd1 Nxd4 16. Bxd4 Qc7 17. e5 dxe5 18. fxe5 Bc5 19. Ne4 Bxd4 20. Nd6 Re7 21.
Rxd4 f5 22. exf6 Nxf6 23. Ne4 Nxe4 24. Qxe4 g6 25. Rcd1 Bd7 26. Rd6 Rf8 27. Qe2
Ref7 28. R6d2 Bc8 29. Be4 Qc5 30. Bf3 Kg7 31. b3 Qg5 32. Re1 1-0

[Event "32nd ECC Open 2016"]
[Site "Novi Sad SRB"]
[Date "2016.11.12"]
[Round "7.13"]
[Board "6"]
[White "Vujacic, Borivoje"]
[Black "Damjanovic, Vuk"]
[Result "1-0"]
[WhiteTitle "FM"]
[WhiteElo "2240"]
[BlackElo "1461"]
[WhiteTeam "Crvena Zvezda"]
[BlackTeam "Itaka"]
[WhiteFideId "903000"]
[BlackFideId "980021"]
[EventDate "2016.11.06"]

1. e4 c6 2. d4 d5 3. e5 Bf5 4. Nf3 e6 5. Be2 Ne7 6. Nbd2 h6 7. Nb3 Nd7 8. a4 Rc8
9. a5 c5 10. a6 b6 11. Bb5 c4 12. Nbd2 Nc6 13. Nf1 Be7 14. Ne3 Bg6 15. O-O O-O
16. b3 c3 17. Bd3 Bh5 18. g4 Bg6 19. Ng2 Bxd3 20. Qxd3 Nb4 21. Qe2 Re8 22. Nf4
Nf8 23. Nh5 Ng6 24. Ne1 f6 25. f4 fxe5 26. f5 Nf8 27. Bxh6 gxh6 28. f6 Bd6 29.
f7+ Kh8 30. fxe8=Q Qxe8 31. dxe5 Bc5+ 32. Kh1 Qg6 33. Rf6 Qg5 34. Nf3 Qxg4 35.
Rxh6+ Nh7 36. Rxh7+ 1-0

[Event "32nd ECC Open 2016"]
[Site "Novi Sad SRB"]
[Date "2016.11.12"]
[Round "7.14"]
[Board "1"]
[White "Theodorou, Nikolas"]
[Black "Heimann, Andreas"]
[Result "0-1"]
[BlackTitle "GM"]
[WhiteElo "2481"]
[BlackElo "2586"]
[WhiteTeam "Chania Chess Academy"]
[BlackTeam "Schachgesellschaft Riehen"]
[WhiteFideId "4262875"]
[BlackFideId "24624632"]
[EventDate "2016.11.06"]

1. e4 c5 2. Nf3 d6 3. c3 Nf6 4. Be2 g6 5. O-O Bg7 6. Bb5+ Bd7 7. Bxd7+ Nbxd7 8.
Re1 O-O 9. d4 Rc8 10. h3 d5 11. e5 Ne4 12. Nbd2 f5 13. exf6 Ndxf6 14. Nxe4 Nxe4
15. dxc5 Nxc5 16. Be3 Qd6 17. Nd4 a6 18. Nb3 b6 19. Qe2 e5 20. Rad1 Nxb3 21.
axb3 b5 22. Qd3 Rcd8 23. c4 d4 24. Bd2 Rb8 25. Rc1 bxc4 26. Qxc4+ Kh8 27. b4 Rb6
28. Re4 h5 29. Qd3 Rc6 30. Rf1 Qd5 31. f4 exf4 32. Rfxf4 Rxf4 33. Rxf4 Kh7 34.
b3 Re6 35. Qc4 Qd7 36. Qf1 d3 37. Rf7 Qd4+ 38. Kh2 Re2 39. Bf4 Rf2 40. Qc1 Rxf4 0-1

[Event "32nd ECC Open 2016"]
[Site "Novi Sad SRB"]
[Date "2016.11.12"]
[Round "7.14"]
[Board "2"]
[White "Cvitan, Ognjen"]
[Black "Papadopoulos, Argirios"]
[Result "1-0"]
[WhiteTitle "GM"]
[BlackTitle "FM"]
[WhiteElo "2502"]
[BlackElo "2194"]
[WhiteTeam "Schachgesellschaft Riehen"]
[BlackTeam "Chania Chess Academy"]
[WhiteFideId "14500086"]
[BlackFideId "4241509"]
[EventDate "2016.11.06"]

1. d4 Nf6 2. c4 e6 3. Nc3 Bb4 4. e3 O-O 5. Bd3 d5 6. Nf3 c5 7. O-O dxc4 8. Bxc4
Nc6 9. a3 Bxc3 10. bxc3 Qc7 11. Bd3 e5 12. Qc2 Bg4 13. Nxe5 Nxe5 14. dxe5 Qxe5
15. f3 Bh5 16. Re1 Bg6 17. e4 c4 18. Bf1 Nd5 19. Qf2 Nf4 20. Bxf4 Qxf4 21. Bxc4
Rac8 22. Qd4 Qc7 23. Bd5 Qxc3 24. Qxa7 b5 25. Qe3 Kh8 26. Qxc3 Rxc3 27. Reb1 Rc5
28. Rc1 Rfc8 29. Rxc5 Rxc5 30. Ra2 h5 31. Kf2 Rc3 32. Ke2 f6 33. Kd2 Rc5 34. Rc2
Rxc2+ 35. Kxc2 f5 36. Bc6 fxe4 37. fxe4 Kg8 38. Kd3 1-0

[Event "32nd ECC Open 2016"]
[Site "Novi Sad SRB"]
[Date "2016.11.12"]
[Round "7.14"]
[Board "3"]
[White "Liodakis, Konstantinos-Spyros"]
[Black "Georgiadis, Ioannis"]
[Result "0-1"]
[BlackTitle "IM"]
[WhiteElo "2175"]
[BlackElo "2479"]
[WhiteTeam "Chania Chess Academy"]
[BlackTeam "Schachgesellschaft Riehen"]
[WhiteFideId "4217136"]
[BlackFideId "4208900"]
[EventDate "2016.11.06"]

1. e4 c5 2. Nf3 d6 3. c3 Nf6 4. h3 Nc6 5. d4 cxd4 6. cxd4 Nxe4 7. d5 Qa5+ 8. Nc3
Nxc3 9. bxc3 Nb8 10. Rb1 Nd7 11. Be2 a6 12. O-O g6 13. c4 Bg7 14. Bg5 Nf6 15.
Re1 O-O 16. Bd3 Re8 17. Qb3 Nd7 18. Bc2 Nc5 19. Qb6 Qxb6 20. Rxb6 Kf8 21. Nd2
Nd7 22. Rb3 b5 23. cxb5 axb5 24. Rxb5 Rxa2 25. Bb1 Ra8 26. Rc1 Nc5 27. Be3 Bd7
28. Rb4 Reb8 29. Rh4 h5 30. Bxc5 dxc5 31. Bd3 Bh6 32. Rc2 Ra1+ 33. Nf1 Rd1 34.
Bc4 Bf5 35. Rc3 Bg5 0-1

[Event "32nd ECC Open 2016"]
[Site "Novi Sad SRB"]
[Date "2016.11.12"]
[Round "7.14"]
[Board "4"]
[White "Brunner, Nicolas"]
[Black "Tsarouhas, Konstantinos"]
[Result "1/2-1/2"]
[WhiteTitle "IM"]
[WhiteElo "2469"]
[BlackElo "2121"]
[WhiteTeam "Schachgesellschaft Riehen"]
[BlackTeam "Chania Chess Academy"]
[WhiteFideId "620246"]
[BlackFideId "4201094"]
[EventDate "2016.11.06"]

1. d4 Nf6 2. c4 d6 3. Nf3 c5 4. dxc5 Qa5+ 5. Nc3 dxc5 6. g3 g6 7. Bg2 Ne4 8. Bd2
Nxd2 9. Qxd2 Bg7 10. Nb5 Qb6 11. O-O Be6 12. Qf4 Na6 13. Ng5 O-O 14. Nxe6 Qxe6
15. Bxb7 Rab8 16. Bd5 Qb6 17. a3 e6 18. Bf3 Bxb2 19. Ra2 Bg7 20. Rd1 Rbd8 21.
Rad2 Rxd2 22. Rxd2 Nb8 23. Rd6 Qa5 24. Qd2 Qxd2 25. Rxd2 a6 26. Na7 Be5 27. Rd3
Kg7 28. Kg2 Kf6 29. Bb7 Bc7 30. Rf3+ Kg7 31. Rb3 Rd8 32. e3 g5 33. g4 h6 34. Be4
Kf6 35. Rb7 Be5 36. Nc6 Nxc6 37. Bxc6 Bc3 38. Kf3 a5 39. h3 Be5 40. Rb5 Rc8 41.
Be4 Bc3 42. Rb7 Be5 43. Ra7 Bc3 44. Ke2 Rd8 45. Bc6 Rd2+ 46. Kf1 Rd1+ 47. Kg2
Rd8 48. Bb5 Bd2 49. Kg3 Be1 50. Bd7 Ke7 51. Bb5+ Kf6 52. Bd7 Ke7 53. Bb5+ 1/2-1/2